ARRUPE JESUIT UNIVERSITY

CORONAVIRUS -STOP THE SPREAD - CLEAN,DISINFECT,COVER

Rethinking bank regulation : (Record no. 127844)

MARC details
000 -LEADER
fixed length control field 01746cam a22003494a 4500
001 - CONTROL NUMBER
control field 14123673
003 - CONTROL NUMBER IDENTIFIER
control field ARRUPE
005 - DATE AND TIME OF LATEST TRANSACTION
control field 20180328122426.0
008 - FIXED-LENGTH DATA ELEMENTS--GENERAL INFORMATION
fixed length control field 050928s2006 enka b 001 0 eng
010 ## - LIBRARY OF CONGRESS CONTROL NUMBER
LC control number 2005028138
020 ## - INTERNATIONAL STANDARD BOOK NUMBER
International Standard Book Number 9780521855761 (hardcover)
020 ## - INTERNATIONAL STANDARD BOOK NUMBER
International Standard Book Number 0521855764 (hardcover)
040 ## - CATALOGING SOURCE
Original cataloging agency DLC
Transcribing agency DLC
Modifying agency DLC
042 ## - AUTHENTICATION CODE
Authentication code pcc
050 00 - LIBRARY OF CONGRESS CALL NUMBER
Classification number K1066
Item number .B37 2006
082 00 - DEWEY DECIMAL CLASSIFICATION NUMBER
Classification number 346/.082
Edition number 22
300 ## - PHYSICAL DESCRIPTION
Other physical details ill. ;
Dimensions 24 cm. +
100 1# - MAIN ENTRY--PERSONAL NAME
Personal name Barth, James R.
9 (RLIN) 41216
245 10 - TITLE STATEMENT
Title Rethinking bank regulation :
Remainder of title till angels govern /
Statement of responsibility, etc James R. Barth, Gerard Caprio, Jr., Ross Levine.
260 ## - PUBLICATION, DISTRIBUTION, ETC. (IMPRINT)
Place of publication, distribution, etc Cambridge [England] ;
-- New York :
Name of publisher, distributor, etc Cambridge University Press,
Date of publication, distribution, etc 2006.
300 ## - PHYSICAL DESCRIPTION
Extent xiv, 428 p. :
Accompanying material 1 CD-ROM (4 3/4 in.)
504 ## - BIBLIOGRAPHY, ETC. NOTE
Bibliography, etc Includes bibliographical references and index.
505 0# - FORMATTED CONTENTS NOTE
Formatted contents note Contrasting approaches to bank regulation -- How are banks regulated and supervised around the world? -- What works best? -- Choosing bank regulations -- Rethinking bank regulation.
650 #0 - SUBJECT ADDED ENTRY--TOPICAL TERM
Topical term or geographic name as entry element Banking law.
9 (RLIN) 41217
650 #0 - SUBJECT ADDED ENTRY--TOPICAL TERM
Topical term or geographic name as entry element Banks and banking
General subdivision State supervision.
9 (RLIN) 41218
650 #0 - SUBJECT ADDED ENTRY--TOPICAL TERM
Topical term or geographic name as entry element Banks and banking
General subdivision Government policy.
9 (RLIN) 41219
700 1# - ADDED ENTRY--PERSONAL NAME
Personal name Caprio, Gerard.
9 (RLIN) 41220
700 1# - ADDED ENTRY--PERSONAL NAME
Personal name Levine, Ross.
9 (RLIN) 41221
856 41 - ELECTRONIC LOCATION AND ACCESS
Materials specified Table of contents only
Uniform Resource Identifier <a href="http://www.loc.gov/catdir/toc/ecip061/2005028138.html">http://www.loc.gov/catdir/toc/ecip061/2005028138.html</a>
856 42 - ELECTRONIC LOCATION AND ACCESS
Materials specified Publisher description
Uniform Resource Identifier <a href="http://www.loc.gov/catdir/enhancements/fy0633/2005028138-d.html">http://www.loc.gov/catdir/enhancements/fy0633/2005028138-d.html</a>
856 42 - ELECTRONIC LOCATION AND ACCESS
Materials specified Contributor biographical information
Uniform Resource Identifier <a href="http://www.loc.gov/catdir/enhancements/fy0733/2005028138-b.html">http://www.loc.gov/catdir/enhancements/fy0733/2005028138-b.html</a>
906 ## - LOCAL DATA ELEMENT F, LDF (RLIN)
a 7
b cbc
c orignew
d 1
e ecip
f 20
g y-gencatlg
942 ## - ADDED ENTRY ELEMENTS (KOHA)
Source of classification or shelving scheme Library of Congress Classification
Koha item type Monograph ( Printed materials)
Holdings
Withdrawn status Lost status Source of classification or shelving scheme Damaged status Not for loan Collection code Home library Current library Shelving location Date acquired Total Checkouts Full call number Barcode Date last seen Price effective from Koha item type
    Library of Congress Classification     Main Collection ARRUPE LIBRARY ARRUPE LIBRARY Main Collection 28/03/2018   K1066 .B37 2006 46600001973 28/03/2018 28/03/2018 Monograph ( Printed materials)

 

Arrupe Library. PO Box MP320 Mt Pleasant, Harare, Zimbabwe
263 242 745411|librarian@aju.ac.zw